000
00204 a2200109 4500
020
_a
0-8239-6133-8
041
_a
eng
100
_a
kirkpatrick, rob
245
_a
mark mcgwire
942
_c
BK
952
_7
1
999
_c
17876
_d
17876